[Event "Championnat de France - Open B"]
[Site "Nimes"]
[Date "2009.08.16"]
[Round "6.10"]
[White "Burille, Matthieu"]
[Black "Chanel, Virgile"]
[Result "1/2-1/2"]
[WhiteElo "1824"]
[BlackElo "1910"]
[PlyCount "103"]
[EventDate "2009.??.??"]

1. e4 d6 2. d4 Nf6 3. Nc3 Nbd7 4. Nf3 e5 5. Bc4 h6 6. O-O Be7 7. Re1 O-O 8. h3
c6 9. a4 b6 10. Bf1 Qc7 11. b3 Re8 12. Ba3 Nf8 13. g3 a6 14. dxe5 dxe5 15. Bxe7
Qxe7 16. Qe2 Bb7 17. Red1 b5 18. Nh4 Qc5 19. Rd3 b4 20. Nd1 a5 21. c4 g6 22.
Qf3 Kg7 23. Ne3 N8h7 24. Ng4 Nxg4 25. Qxg4 Bc8 26. Qe2 Ng5 27. Kh2 Qe7 28. Nf3
Ne6 29. Qe3 f6 30. Rad1 c5 31. R3d2 Nd4 32. Nxd4 exd4 33. Qe1 Ra6 34. Bd3 Re6
35. g4 f5 36. gxf5 gxf5 37. f3 Rg6 38. Qf2 Qe5+ 39. f4 Qf6 40. e5 Qc6 41. Rg1
Rg8 42. Rdd1 Kf7 43. Rxg6 Qxg6 44. Rg1 Qxg1+ 45. Qxg1 Rxg1 46. Kxg1 Ke6 47. Kf2
Bb7 48. Bc2 Bc6 49. Bd3 Bd7 50. Be2 Kf7 51. Kg3 Bc6 52. Bd3 1/2-1/2

[Event "Championnat de France - Open B"]
[Site "Nimes"]
[Date "2009.08.18"]
[Round "7.1"]
[White "Gelas, Christophe"]
[Black "Feryn, Benjamin"]
[Result "0-1"]
[WhiteElo "1947"]
[BlackElo "1954"]
[PlyCount "72"]
[EventDate "2009.??.??"]

1. d4 Nf6 2. c4 g6 3. Nc3 Bg7 4. e4 d6 5. f3 O-O 6. Be3 e5 7. d5 c6 8. Bd3 Nbd7
9. Qd2 cxd5 10. cxd5 Nc5 11. Bc4 a6 12. b4 Ncd7 13. a4 Nh5 14. Nge2 f5 15. O-O
f4 16. Bf2 g5 17. a5 Ndf6 18. h3 Qe8 19. Na4 Qg6 20. Nec3 g4 21. hxg4 Bxg4 22.
fxg4 Nxg4 23. Bh4 Ne3 24. Rf3 Nxc4 25. Qe2 Rac8 26. Nd1 Ng3 27. Bxg3 fxg3 28.
Ne3 Rxf3 29. Qxf3 Qh6 30. Ng4 Qf4 31. Rf1 Nd2 32. Qxf4 exf4 33. Nb6 Rc2 34. Rd1
h5 35. e5 hxg4 36. exd6 f3 0-1

[Event "Championnat de France - Open B"]
[Site "Nimes"]
[Date "2009.08.18"]
[Round "7.2"]
[White "Domenech, Vianney"]
[Black "Fournier, Sylvain"]
[Result "1-0"]
[WhiteElo "1984"]
[BlackElo "1919"]
[PlyCount "73"]
[EventDate "2009.??.??"]

1. d4 Nf6 2. Bf4 c5 3. e3 Qb6 4. Nc3 e6 5. Nf3 d5 6. Be2 a6 7. O-O Nc6 8. a3
cxd4 9. exd4 Be7 10. b4 Qd8 11. Bd3 Bd7 12. b5 Na5 13. Ne5 Rc8 14. Bd2 Nc4 15.
bxa6 bxa6 16. Qe2 Nxd2 17. Qxd2 Qa5 18. Ne4 Qxd2 19. Nxd2 a5 20. Rfb1 O-O 21.
Nxd7 Nxd7 22. Rb7 Bg5 23. Nf3 Nc5 24. dxc5 Bf6 25. Rab1 Rxc5 26. R1b5 Rxb5 27.
Rxb5 Bc3 28. Rc5 d4 29. Ng5 g6 30. Ne4 Bb2 31. Rxa5 Rc8 32. a4 h6 33. Ra7 Ba3
34. Rd7 e5 35. g4 f5 36. gxf5 gxf5 37. Nf6+ 1-0

[Event "Championnat de France - Open B"]
[Site "Nimes"]
[Date "2009.08.18"]
[Round "7.3"]
[White "Penalver, Frederic"]
[Black "Nord, Antoine"]
[Result "0-1"]
[WhiteElo "1963"]
[BlackElo "1903"]
[PlyCount "94"]
[EventDate "2009.??.??"]

1. e4 c6 2. d4 d5 3. e5 c5 4. c3 Nc6 5. Nf3 Bg4 6. Be2 e6 7. O-O Bxf3 8. Bxf3
cxd4 9. cxd4 Qb6 10. Be3 Qxb2 11. Qb3 Qxb3 12. axb3 Bb4 13. Rc1 Nge7 14. Nc3
Bxc3 15. Rxc3 Kd7 16. Be2 Rhc8 17. Bd3 g6 18. g4 a6 19. Rac1 Nb4 20. Bb1 Rxc3
21. Rxc3 Rc8 22. Rxc8 Kxc8 23. Kf1 Nec6 24. Ke2 Kc7 25. Kd2 b5 26. Kc3 Kb6 27.
Bh6 a5 28. Bf8 Na6 29. Bc2 Nc7 30. Bc5+ Kb7 31. Bd1 b4+ 32. Kd3 Nb5 33. f3 Nc3
34. Bc2 Ka6 35. Kd2 a4 36. Bxb4 Nxb4 37. Kxc3 Nxc2 38. Kxc2 Kb5 39. bxa4+ Kxa4
40. f4 Kb4 41. Kd3 Kb3 42. h4 Kb4 43. Ke3 Kc3 44. f5 gxf5 45. gxf5 Kc4 46. h5
h6 47. fxe6 fxe6 0-1

[Event "Championnat de France - Open B"]
[Site "Nimes"]
[Date "2009.08.18"]
[Round "7.4"]
[White "Claisse, Patrick"]
[Black "Gey, Marc-Emile"]
[Result "0-1"]
[WhiteElo "1924"]
[BlackElo "1946"]
[PlyCount "100"]
[EventDate "2009.??.??"]

1. e4 d5 2. exd5 Nf6 3. d4 Bg4 4. Nf3 Qxd5 5. Be2 Nc6 6. O-O O-O-O 7. c3 e5 8.
c4 Qd7 9. d5 Bxf3 10. Bxf3 Nd4 11. Be3 Bc5 12. Nc3 Qf5 13. Bxd4 Bxd4 14. Qb3 e4
15. Be2 Ng4 16. Bxg4 Qxg4 17. Nb5 Bc5 18. Qd1 Qg5 19. Nc3 f5 20. Na4 Be7 21.
Qd4 Kb8 22. Nc5 Bxc5 23. Qxc5 f4 24. f3 e3 25. Qd4 Rd6 26. Qc3 Re8 27. Rfe1 Qe5
28. Qxe5 Rxe5 29. Kf1 c6 30. dxc6 bxc6 31. Re2 Re7 32. Rae1 Rd4 33. b3 a5 34.
g3 g5 35. gxf4 gxf4 36. Rg2 Kc7 37. Rg4 a4 38. h4 axb3 39. axb3 Kd6 40. h5 Re5
41. Rh4 Kc5 42. Re2 Rg5 43. Rh3 Rd1+ 44. Re1 Rd2 45. Re2 Kd4 46. Rh4 Rd1+ 47.
Re1 Rxe1+ 48. Kxe1 Kd3 49. Kf1 e2+ 50. Kf2 Rg1 0-1

[Event "Championnat de France - Open B"]
[Site "Nimes"]
[Date "2009.08.18"]
[Round "7.5"]
[White "Naudion, Gregoire"]
[Black "Garnier, Teddy"]
[Result "1/2-1/2"]
[WhiteElo "1926"]
[BlackElo "1825"]
[PlyCount "45"]
[EventDate "2009.??.??"]

1. e4 Nf6 2. Nc3 d5 3. exd5 Nxd5 4. Bc4 Nb6 5. Bb3 c5 6. d3 e6 7. Nf3 Be7 8.
O-O Nc6 9. Re1 O-O 10. Bf4 Nd5 11. Bxd5 exd5 12. d4 c4 13. Ne5 Bd6 14. Nxc6
bxc6 15. Na4 Qa5 16. c3 c5 17. Nxc5 Bxc5 18. dxc5 Qxc5 19. Qf3 Qb6 20. g3 Bf5
21. Rad1 Rfe8 22. h4 Qc6 23. Be5 1/2-1/2

[Event "Championnat de France - Open B"]
[Site "Nimes"]
[Date "2009.08.18"]
[Round "7.6"]
[White "Lemeille, Francois"]
[Black "Youssoupov, Moisse"]
[Result "1-0"]
[WhiteElo "1940"]
[BlackElo "1911"]
[PlyCount "45"]
[EventDate "2009.??.??"]

1. e4 d5 2. exd5 Qxd5 3. Nc3 Qa5 4. d4 Nf6 5. Nf3 Bf5 6. Ne5 Nbd7 7. Nc4 Qa6 8.
Bf4 Qe6+ 9. Ne3 Ng4 10. Ncd5 Rc8 11. Nxc7+ Rxc7 12. Bxc7 Nxe3 13. fxe3 Qxe3+
14. Be2 g6 15. Qd2 Qe4 16. O-O Qxc2 17. Qxc2 Bxc2 18. Rac1 Bf5 19. Bb5 a6 20.
Ba5 f6 21. Rxf5 axb5 22. Rxb5 f5 23. Rxb7 1-0

[Event "Championnat de France - Open B"]
[Site "Nimes"]
[Date "2009.08.18"]
[Round "7.7"]
[White "Benard, Luc"]
[Black "Masset, Jacques"]
[Result "0-1"]
[WhiteElo "1843"]
[BlackElo "1946"]
[PlyCount "40"]
[EventDate "2009.??.??"]

1. d4 c5 2. Nf3 e6 3. e4 cxd4 4. Nxd4 Nc6 5. Be3 Nf6 6. Nd2 a6 7. c3 Be7 8. Bd3
Qc7 9. f4 h5 10. h3 d6 11. N2f3 b5 12. a4 b4 13. Rc1 Nxd4 14. Bxd4 d5 15. Be5
Qa5 16. Bxf6 Bxf6 17. e5 bxc3 18. Rxc3 Be7 19. Ke2 Bd7 20. b3 Qxc3 0-1

[Event "Championnat de France - Open B"]
[Site "Nimes"]
[Date "2009.08.18"]
[Round "7.8"]
[White "Gros, Alexandre"]
[Black "Le Du, Michel"]
[Result "1-0"]
[WhiteElo "1780"]
[BlackElo "1936"]
[PlyCount "59"]
[EventDate "2009.??.??"]

1. Nf3 g6 2. g3 Bg7 3. Bg2 Nf6 4. O-O O-O 5. d4 d6 6. a4 c6 7. a5 Qc7 8. Nc3
Nbd7 9. e4 e5 10. Re1 Re8 11. h3 Nf8 12. Be3 Bd7 13. dxe5 dxe5 14. Bc5 Qc8 15.
Kh2 Ne6 16. Bd6 Nd4 17. Nxe5 c5 18. Nxd7 Nxd7 19. Nd5 Nc6 20. Nc7 Bxb2 21. Rb1
Bc3 22. Nxe8 Bxe1 23. Qxe1 Qxe8 24. Rxb7 Rc8 25. f4 Qe6 26. e5 Nd4 27. Qd2 Nf8
28. Rxa7 Qc4 29. c3 Nb3 30. Qd4 1-0

[Event "Championnat de France - Open B"]
[Site "Nimes"]
[Date "2009.08.18"]
[Round "7.9"]
[White "Chanel, Virgile"]
[Black "Canterel, Remi"]
[Result "1-0"]
[WhiteElo "1910"]
[BlackElo "1842"]
[PlyCount "79"]
[EventDate "2009.??.??"]

1. e4 c6 2. d4 d5 3. exd5 cxd5 4. Bd3 Nf6 5. c3 Nc6 6. Bf4 Qb6 7. Qc2 Bg4 8.
Nd2 e6 9. Ngf3 Be7 10. O-O O-O 11. Ne5 g6 12. Bg5 Bf5 13. Bxf5 exf5 14. Bxf6
Bxf6 15. Nd7 Qd8 16. Nxf8 Qxf8 17. Qb3 Qd6 18. Rfe1 Rb8 19. Re2 Bxd4 20. cxd4
Nxd4 21. Qd3 Nxe2+ 22. Qxe2 Qe6 23. Qxe6 fxe6 24. Rc1 e5 25. Rc7 d4 26. f3 Re8
27. Kf2 b5 28. b3 a6 29. Ke2 Re6 30. Kd3 h5 31. h4 Kf8 32. b4 Re7 33. Rc6 Kf7
34. Nb3 Re6 35. Rc7+ Kf6 36. Nc5 Rd6 37. Nd7+ Ke7 38. Nxe5+ Kd8 39. Rg7 Re6 40.
f4 1-0

[Event "Championnat de France - Open B"]
[Site "Nimes"]
[Date "2009.08.18"]
[Round "7.10"]
[White "Roullois, Jerome"]
[Black "Burille, Matthieu"]
[Result "1/2-1/2"]
[WhiteElo "1892"]
[BlackElo "1824"]
[PlyCount "110"]
[EventDate "2009.??.??"]

1. f4 d5 2. Nf3 g6 3. e3 c5 4. Be2 Nc6 5. d3 Bg7 6. O-O Nf6 7. c3 O-O 8. a4 Qc7
9. Na3 a6 10. Nc2 e5 11. fxe5 Nxe5 12. Nxe5 Qxe5 13. Qe1 b6 14. Qh4 Bb7 15. g4
h6 16. Bd2 Nh7 17. Ne1 Ng5 18. Nf3 Nxf3+ 19. Bxf3 Bf6 20. Qf2 Rae8 21. Rae1 Qe7
22. Qg2 Qd7 23. b3 Re7 24. Qg3 Rfe8 25. h4 Bg7 26. Rf2 b5 27. axb5 Qxb5 28. c4
Qxb3 29. Bxd5 Bxd5 30. cxd5 Qxd3 31. Qf3 Qe4 32. Kg2 Rd8 33. Qxe4 Rxe4 34. Kf3
f5 35. gxf5 gxf5 36. Rg1 Rxd5 37. Rg6 Rxh4 38. Rxa6 Rg4 39. Rc6 Kf7 40. Bc1 c4
41. Ba3 Rd3 42. Bd6 c3 43. Bf4 h5 44. Ra2 Rd5 45. Ra7+ Ke8 46. Rc8+ Rd8 47. Rc5
Rg6 48. Be5 Bxe5 49. Rxe5+ Kf8 50. Rxf5+ Kg8 51. Rc7 h4 52. Rxc3 Rg3+ 53. Kf4
Re8 54. Rg5+ Rxg5 55. Kxg5 h3 1/2-1/2

[Event "Championnat de France - Open B"]
[Site "Nimes"]
[Date "2009.08.19"]
[Round "8.1"]
[White "Nord, Antoine"]
[Black "Domenech, Vianney"]
[Result "0-1"]
[WhiteElo "1903"]
[BlackElo "1984"]
[PlyCount "154"]

1. e4 d5 2. exd5 Qxd5 3. Nc3 Qa5 4. Bc4 Nf6 5. d3 Bg4 6. f3 Bd7 7. Bd2 Qb6 8.
Qe2 Nc6 9. Na4 Qd4 10. Be3 Qe5 11. Nc3 e6 12. O-O-O Nd4 13. Qd2 Bb4 14. Re1 O-O
15. Bg5 Qa5 16. Bxf6 gxf6 17. Re4 Nf5 18. Nge2 Kh8 19. Ng3 Nd6 20. Rg4 Rg8 21.
Rxg8+ Rxg8 22. Nge4 Nxe4 23. fxe4 Bxc3 24. bxc3 Qg5 25. g3 Bc6 26. Rf1 a5 27.
Qxg5 Rxg5 28. a3 Kg7 29. Kd2 Rc5 30. Ba2 Kg6 31. d4 Rh5 32. Kd3 Rxh2 33. d5
exd5 34. exd5 Bd7 35. c4 Bf5+ 36. Ke3 Bxc2 37. c5 Ba4 38. Bb1+ Kg7 39. d6 cxd6
40. cxd6 Rb2 41. Bf5 Rb5 42. Rf4 Re5+ 43. Kd3 Rd5+ 44. Kc3 Bc6 45. Rg4+ Kf8 46.
Bxh7 Rxd6 47. Be4 Bxe4 48. Rxe4 Re6 49. Rf4 Re3+ 50. Kb2 Kg7 51. g4 Kg6 52. a4
Re5 53. Rd4 b6 54. Kc3 Kg5 55. Kc4 Rc5+ 56. Kd3 b5 57. axb5 Rxb5 58. Ke3 Rb3+
59. Kf2 Rb5 60. Kf3 f5 61. gxf5 Rxf5+ 62. Kg3 Rb5 63. Ra4 f5 64. Kf3 Kf6 65.
Ke3 Rd5 66. Kf4 Ke6 67. Rc4 Kd6 68. Rc8 Rc5 69. Rh8 Kc6 70. Ke3 Rd5 71. Rb8 Kc5
72. Kf4 Kc4 73. Rb1 a4 74. Ke3 a3 75. Rb8 a2 76. Ra8 Kb3 77. Ra7 Rb5 0-1

[Event "Championnat de France - Open B"]
[Site "Nimes"]
[Date "2009.08.19"]
[Round "8.2"]
[White "Feryn, Benjamin"]
[Black "Gey, Marc-Emile"]
[Result "1-0"]
[WhiteElo "1954"]
[BlackElo "1946"]
[PlyCount "51"]

1. e4 d5 2. exd5 Nf6 3. Nc3 Nxd5 4. Bc4 Nb6 5. Bb3 Nc6 6. Nf3 e5 7. O-O Be7 8.
Re1 Bg4 9. h3 Bxf3 10. Qxf3 O-O 11. d3 Bf6 12. Ne4 Be7 13. Qh5 Nd5 14. Bg5 Nf6
15. Bxf6 Bxf6 16. Ba4 g6 17. Qf3 Bg7 18. Bxc6 bxc6 19. Re2 Rb8 20. Rb1 f5 21.
Nd2 Qd5 22. b3 Rfd8 23. Nc4 Qxf3 24. gxf3 Rd5 25. Rbe1 Re8 26. f4 1-0

[Event "Championnat de France - Open B"]
[Site "Nimes"]
[Date "2009.08.19"]
[Round "8.3"]
[White "Chanel, Virgile"]
[Black "Gelas, Christophe"]
[Result "1/2-1/2"]
[WhiteElo "1910"]
[BlackElo "1947"]
[PlyCount "64"]

1. e4 c5 2. b3 Nc6 3. Bb2 e6 4. g3 d5 5. exd5 exd5 6. Bg2 Nf6 7. Qe2+ Be6 8.
Nf3 Be7 9. d4 cxd4 10. Nxd4 Nxd4 11. Bxd4 O-O 12. O-O Re8 13. Nd2 Qa5 14. c3
Bf5 15. Qf3 Bg6 16. Rfe1 h6 17. Bf1 Ne4 18. Nxe4 dxe4 19. Qe2 Bd6 20. Qb5 Qc7
21. Rad1 b6 22. Bh3 Rad8 23. a4 Bc5 24. Bxc5 bxc5 25. Rd7 Rxd7 26. Qxd7 Qxd7
27. Bxd7 Rd8 28. Bc6 Rd3 29. Bxe4 Bxe4 30. Rxe4 Rxc3 31. b4 cxb4 32. Rxb4 Rc7
1/2-1/2

[Event "Championnat de France - Open B"]
[Site "Nimes"]
[Date "2009.08.19"]
[Round "8.4"]
[White "Masset, Jacques"]
[Black "Catala, Laurent"]
[Result "1-0"]
[WhiteElo "1946"]
[BlackElo "1885"]
[PlyCount "97"]

1. c4 e6 2. Nc3 d5 3. cxd5 exd5 4. d4 c6 5. Nf3 Bd6 6. g3 Nf6 7. Bg2 Nbd7 8.
O-O O-O 9. Qc2 Re8 10. Nd2 Nf8 11. f3 Ne6 12. Nb3 Qb6 13. Rd1 a5 14. Be3 a4 15.
Nc1 Qa7 16. Bf2 Bc7 17. e4 dxe4 18. fxe4 Bb6 19. d5 Ng4 20. Nd3 Nc5 21. Nb5
cxb5 22. Bxc5 Ne3 23. Bxb6 Qxb6 24. Qf2 Qh6 25. Rf1 Nxf1 26. Rxf1 Rf8 27. e5 g6
28. Nc5 Bf5 29. d6 Bh3 30. Nxb7 Bxg2 31. Kxg2 Qg5 32. Qf4 Qxf4 33. gxf4 Rfc8
34. d7 Rd8 35. Rd1 Kf8 36. Kf3 Ke7 37. Nxd8 Rxd8 38. Rd5 Rxd7 39. Rxb5 Rd3+ 40.
Kg4 h5+ 41. Kg5 Rd2 42. h3 Rg2+ 43. Kh6 Rg3 44. Kg7 Rxh3 45. Rb7+ Ke6 46. Rxf7
Rg3 47. Kf8 g5 48. Rf6+ Kd7 49. e6+ 1-0

[Event "Championnat de France - Open B"]
[Site "Nimes"]
[Date "2009.08.19"]
[Round "8.5"]
[White "Garnier, Teddy"]
[Black "Lemeille, Francois"]
[Result "1-0"]
[WhiteElo "1825"]
[BlackElo "1940"]
[PlyCount "78"]

1. e4 c5 2. c3 Nf6 3. e5 Nd5 4. d4 cxd4 5. cxd4 d6 6. Nf3 Nc6 7. Nc3 Nxc3 8.
bxc3 dxe5 9. d5 Nb8 10. Nxe5 Qc7 11. Qd4 e6 12. Bb5+ Bd7 13. Nxd7 Nxd7 14. dxe6
fxe6 15. Bf4 Bc5 16. Bxc7 Bxd4 17. cxd4 Ke7 18. O-O Nf6 19. Be5 Nd5 20. Bc4 Nb6
21. Bb3 a5 22. a4 Nd7 23. Rfe1 Rhe8 24. Bxg7 Kf7 25. Be5 Rac8 26. Rac1 Rc6 27.
Rxc6 bxc6 28. Bc7 c5 29. d5 e5 30. d6+ Kf6 31. Bd5 Rf8 32. Bxa5 Rb8 33. Bc3 c4
34. f4 Nb6 35. fxe5+ Kf5 36. Be4+ Ke6 37. a5 Na4 38. a6 Nxc3 39. a7 Nxe4 1-0

[Event "Championnat de France - Open B"]
[Site "Nimes"]
[Date "2009.08.19"]
[Round "8.6"]
[White "Naudion, Gregoire"]
[Black "Sola, Flavien"]
[Result "1-0"]
[WhiteElo "1926"]
[BlackElo "1870"]
[PlyCount "85"]

1. e4 e5 2. Nf3 Nc6 3. d4 exd4 4. Bc4 Nf6 5. e5 d5 6. Bb5 Ne4 7. Nxd4 Bd7 8.
Bxc6 bxc6 9. O-O Be7 10. c3 a5 11. f3 Nc5 12. f4 Ne4 13. Be3 c5 14. Nb3 Bb5 15.
Rf3 a4 16. N3d2 d4 17. cxd4 Nxd2 18. Qxd2 cxd4 19. Qxd4 Qxd4 20. Bxd4 Rd8 21.
Nc3 Ba6 22. Be3 a3 23. bxa3 h5 24. Na4 Bb7 25. Rff1 Bxa3 26. Bc5 Ra8 27. Bxa3
Rxa4 28. Rfb1 Kd7 29. Rxb7 Rxa3 30. Rd1+ Kc8 31. Rb2 Rd8 32. Rb8+ Kxb8 33.
Rxd8+ Kb7 34. Rd7 Kc8 35. Rxf7 c5 36. e6 Kd8 37. Rd7+ Ke8 38. Rxg7 c4 39. Rc7
c3 40. f5 Kd8 41. e7+ Ke8 42. f6 Ra6 43. Rc8+ 1-0

[Event "Championnat de France - Open B"]
[Site "Nimes"]
[Date "2009.08.19"]
[Round "8.8"]
[White "Youssoupov, Moisse"]
[Black "Lepot, Simon"]
[Result "1/2-1/2"]
[WhiteElo "1911"]
[BlackElo "1981"]
[PlyCount "46"]

1. d4 c5 2. c3 cxd4 3. cxd4 d5 4. Nc3 Nf6 5. Nf3 Nc6 6. Bf4 Nh5 7. Bd2 e6 8. e3
Bd6 9. Ne5 g6 10. Qa4 Bxe5 11. dxe5 O-O 12. g4 Ng7 13. h4 Nxe5 14. Qf4 f6 15.
Rc1 Bd7 16. Qg3 Bc6 17. Be2 h5 18. Rg1 hxg4 19. Bxg4 d4 20. exd4 Qxd4 21. Ne2
Qxg4 22. Qxg4 Nxg4 23. Rxg4 Nf5 1/2-1/2

[Event "Championnat de France - Open B"]
[Site "Nimes"]
[Date "2009.08.19"]
[Round "8.9"]
[White "Roullois, Jerome"]
[Black "Penalver, Frederic"]
[Result "0-1"]
[WhiteElo "1892"]
[BlackElo "1963"]
[PlyCount "76"]

1. f4 d5 2. Nf3 Nc6 3. e3 Bg4 4. Be2 e6 5. O-O Nh6 6. d3 Bc5 7. c3 Nf5 8. d4
Bd6 9. Ne5 Bxe2 10. Qxe2 Nce7 11. a4 f6 12. Nf3 Qd7 13. b4 a5 14. b5 c5 15.
bxc6 Qxc6 16. g4 Nh6 17. g5 Nhf5 18. Bd2 h6 19. gxf6 gxf6 20. Qb5 Qxb5 21. axb5
b6 22. Na3 Rc8 23. Kf2 Kd7 24. Nc2 Rhg8 25. Ra4 Ng6 26. Na1 Ngh4 27. Nb3 Rg2+
28. Ke1 Nxf3+ 29. Rxf3 Rxh2 30. Kd1 Rg8 31. c4 dxc4 32. Rxc4 Rg1+ 33. Kc2 Nh4
34. Rh3 Rxh3 35. Rc6 a4 36. Nc5+ bxc5 37. dxc5 Bxc5 38. Rxc5 Rh2 0-1

[Event "Championnat de France - Open B"]
[Site "Nimes"]
[Date "2009.08.19"]
[Round "8.10"]
[White "Mestdagh, Franck"]
[Black "Banuls, Adrien"]
[Result "1/2-1/2"]
[WhiteElo "1937"]
[BlackElo "1912"]
[PlyCount "82"]

1. Nf3 c5 2. d4 cxd4 3. Nxd4 Nf6 4. g3 g6 5. Bg2 Bg7 6. O-O Nc6 7. c4 Qb6 8.
Nb3 d6 9. e4 Bg4 10. Bf3 h5 11. Nc3 Ne5 12. Be2 Nxc4 13. Kg2 Bxe2 14. Qxe2 Rc8
15. Bg5 Qc6 16. Rac1 Qd7 17. Nd5 Nxd5 18. exd5 Nb6 19. Rxc8+ Nxc8 20. Re1 O-O
21. Qc2 Re8 22. Rc1 Qb5 23. Qc4 Qxc4 24. Rxc4 Bxb2 25. Na5 Nb6 26. Rc7 f6 27.
Bd2 Nxd5 28. Rxb7 Bd4 29. Nc6 Bc5 30. a4 a6 31. Nb8 Nb6 32. a5 Nc4 33. Bc3 Kf7
34. Nxa6 Ra8 35. Nc7 Rc8 36. a6 Bb6 37. Nd5 Ke6 38. Nxe7 Ra8 39. Nxg6 Rxa6 40.
Nf4+ Kf5 41. Nxh5 Ra8 1/2-1/2

[Event "Championnat de France - Open B"]
[Site "Nimes"]
[Date "2009.08.20"]
[Round "9.1"]
[White "Domenech, Vianney"]
[Black "Feryn, Benjamin"]
[Result "1/2-1/2"]
[WhiteElo "1984"]
[BlackElo "1954"]
[PlyCount "24"]

1. d4 Nf6 2. Bf4 g6 3. e3 Bg7 4. Nf3 O-O 5. Be2 d6 6. O-O Nbd7 7. c4 Nh5 8. Bg5
h6 9. Bh4 g5 10. Nfd2 gxh4 11. Bxh5 h3 12. g3 c5 1/2-1/2

[Event "Championnat de France - Open B"]
[Site "Nimes"]
[Date "2009.08.20"]
[Round "9.2"]
[White "Masset, Jacques"]
[Black "Naudion, Gregoire"]
[Result "1/2-1/2"]
[WhiteElo "1946"]
[BlackElo "1926"]
[PlyCount "22"]

1. c4 Nf6 2. Nc3 g6 3. e4 d6 4. Nge2 c5 5. g3 Bg7 6. Bg2 O-O 7. O-O Nc6 8. d3
e5 9. h3 Be6 10. f4 Qc8 11. Kh2 Rb8 1/2-1/2

[Event "Championnat de France - Open B"]
[Site "Nimes"]
[Date "2009.08.20"]
[Round "9.3"]
[White "Penalver, Frederic"]
[Black "Garnier, Teddy"]
[Result "1-0"]
[WhiteElo "1963"]
[BlackElo "1825"]
[PlyCount "101"]

1. e4 Nf6 2. Nc3 d5 3. e5 Nfd7 4. f4 Nb6 5. Nf3 Bg4 6. h3 Bxf3 7. Qxf3 e6 8. d4
c5 9. Be3 cxd4 10. Bxd4 Nc6 11. Bb5 Be7 12. f5 Qc7 13. O-O-O O-O-O 14. Bxc6
bxc6 15. fxe6 Bg5+ 16. Kb1 fxe6 17. Rd3 Rhf8 18. Qg4 Qe7 19. Na4 Rf4 20. Bc5
Rxg4 21. Nxb6+ axb6 22. Bxe7 Rxg2 23. Bxd8 Bxd8 24. Rdd1 Bc7 25. Rhg1 Rxg1 26.
Rxg1 Bxe5 27. Re1 Bf6 28. Rxe6 Kd7 29. Re2 b5 30. c3 c5 31. Kc2 h5 32. Kb3 Kd6
33. Re8 g5 34. Rb8 Be5 35. Rb6+ Kd7 36. Rg6 Bf4 37. Rh6 g4 38. Rxh5 g3 39.
Rxd5+ Kc6 40. Rd8 c4+ 41. Kc2 Be3 42. Rg8 Bf2 43. Kd1 b4 44. cxb4 Kb5 45. Ke2
Kxb4 46. Kf3 Bd4 47. Rxg3 Bxb2 48. Ke2 Be5 49. Rf3 c3 50. Kd3 Ka3 51. Kc2 1-0

[Event "Championnat de France - Open B"]
[Site "Nimes"]
[Date "2009.08.20"]
[Round "9.4"]
[White "Gelas, Christophe"]
[Black "Nord, Antoine"]
[Result "1-0"]
[WhiteElo "1947"]
[BlackElo "1903"]
[PlyCount "77"]

1. d4 d5 2. c4 c6 3. cxd5 cxd5 4. Nc3 Nf6 5. Bf4 Nc6 6. e3 a6 7. Bd3 Bg4 8.
Nge2 Bh5 9. Qb3 Ra7 10. O-O e6 11. Rac1 Bg6 12. Na4 Nh5 13. Nc5 Bxd3 14. Qxd3
Nxf4 15. Nxf4 Qb6 16. Qc3 Nd8 17. Nfd3 f6 18. f4 f5 19. Ne5 Bxc5 20. Qxc5 Qxc5
21. Rxc5 b6 22. Rc8 O-O 23. Rfc1 g6 24. Kf2 b5 25. Ke2 Nf7 26. Nxf7 Kxf7 27.
R1c7+ Rxc7 28. Rxc7+ Kf6 29. Rxh7 Rc8 30. Kd2 Rc6 31. h3 Rc4 32. b3 Rc6 33. g4
fxg4 34. hxg4 Rb6 35. Ke2 Rb8 36. g5+ Kf5 37. Kf3 Rf8 38. b4 e5 39. Re7 1-0

[Event "Championnat de France - Open B"]
[Site "Nimes"]
[Date "2009.08.20"]
[Round "9.5"]
[White "Gros, Alexandre"]
[Black "Chanel, Virgile"]
[Result "1/2-1/2"]
[WhiteElo "1780"]
[BlackElo "1910"]
[PlyCount "84"]

1. Nf3 Nf6 2. g3 d6 3. d4 g6 4. Bg2 Bg7 5. O-O O-O 6. a4 Nbd7 7. a5 c6 8. Nc3
e5 9. e4 Re8 10. h3 Qc7 11. Re1 Nf8 12. Be3 h6 13. Qd2 Kh7 14. Red1 g5 15. dxe5
dxe5 16. Bc5 Ng6 17. Qe3 g4 18. Bd6 Qd7 19. Nxe5 Nxe5 20. Bxe5 Qe6 21. Bxf6
Qxf6 22. h4 h5 23. Rd3 Be6 24. Rad1 Qe5 25. Ra1 Bh6 26. Qd4 Qxd4 27. Rxd4 c5
28. Rd6 Bf8 29. Rdd1 Bg7 30. Rab1 Rad8 31. Nd5 Be5 32. c3 Rd7 33. Rd2 Red8 34.
Rbd1 Kg7 35. Kf1 f5 36. Ke1 Bxd5 37. exd5 Bc7 38. Rc1 Re8+ 39. Kf1 Bd6 40. a6
b6 41. Re2 Rde7 42. Rce1 Kf6 1/2-1/2

[Event "Championnat de France - Open B"]
[Site "Nimes"]
[Date "2009.08.20"]
[Round "9.6"]
[White "Gey, Marc-Emile"]
[Black "Mestdagh, Franck"]
[Result "0-1"]
[WhiteElo "1946"]
[BlackElo "1937"]
[PlyCount "88"]

1. d4 c5 2. d5 g6 3. c4 Bg7 4. Nc3 Nf6 5. e4 d6 6. Bd3 O-O 7. Nge2 Na6 8. O-O
Bd7 9. Rb1 Nb4 10. h3 a6 11. a3 Nxd3 12. Qxd3 b5 13. b4 Rc8 14. bxc5 bxc4 15.
Qxc4 Rxc5 16. Qxa6 Bc8 17. Qb6 Nd7 18. Qb4 Qc7 19. Nb5 Qb8 20. Be3 Rxb5 21.
Qxb5 Qxb5 22. Rxb5 Ba6 23. Rfb1 Bxb5 24. Rxb5 Ra8 25. Rb7 Nc5 26. Rxe7 Bf6 27.
Rc7 Nxe4 28. Ra7 Rxa7 29. Bxa7 Bb2 30. a4 Nf6 31. Bb8 Ba3 32. Nd4 Nxd5 33. Nb5
Bb4 34. Bxd6 Ba5 35. Kf1 f6 36. Ke2 Kf7 37. Kd3 Ke6 38. Bb8 Kd7 39. Ke4 Ne7 40.
Nc7 Nc8 41. Kd4 Be1 42. Kc4 Bxf2 43. a5 Ne7 44. a6 Nc6 0-1

[Event "Championnat de France - Open B"]
[Site "Nimes"]
[Date "2009.08.20"]
[Round "9.7"]
[White "Deneuville, Ludovic"]
[Black "Youssoupov, Moisse"]
[Result "0-1"]
[WhiteElo "1984"]
[BlackElo "1911"]
[PlyCount "62"]

1. d4 Nf6 2. Nf3 e6 3. e3 b6 4. Bd3 Bb7 5. Nbd2 d5 6. O-O Nbd7 7. b3 Bd6 8. c4
O-O 9. Qc2 c5 10. Bb2 cxd4 11. exd4 h6 12. Rac1 Rc8 13. Qb1 Bf4 14. Rfd1 Re8
15. Re1 Qc7 16. Ne5 Nxe5 17. dxe5 Ng4 18. h3 Nxe5 19. Bh7+ Kh8 20. g3 Bxg3 21.
fxg3 Nf3+ 22. Kf2 Nxe1 23. Rxe1 Qc5+ 24. Kf1 Rcd8 25. Bc2 dxc4 26. Nxc4 Qh5 27.
Be4 Qxh3+ 28. Kf2 Qh2+ 29. Kf3 Qh5+ 30. Kf2 Bxe4 31. Qxe4 Rd1 0-1

[Event "Championnat de France - Open B"]
[Site "Nimes"]
[Date "2009.08.20"]
[Round "9.8"]
[White "Lepot, Simon"]
[Black "Gelin, Baptiste"]
[Result "1-0"]
[WhiteElo "1981"]
[BlackElo "1843"]
[PlyCount "71"]

1. e4 e5 2. Nf3 Nc6 3. Bb5 a6 4. Ba4 d6 5. O-O Bg4 6. h3 h5 7. Bxc6+ bxc6 8. d4
Bxf3 9. Qxf3 exd4 10. c3 dxc3 11. Nxc3 Qf6 12. Qe2 Ne7 13. Be3 g5 14. Qd2 Rg8
15. e5 Qg6 16. exd6 cxd6 17. Rfe1 f5 18. Rad1 d5 19. Bc5 Rd8 20. Ne2 Kf7 21.
Nd4 Nc8 22. Re6 Bxc5 23. Rxg6 Rxg6 24. Nf3 Re8 25. Nxg5+ Kg8 26. h4 Nd6 27. Qc2
Ba7 28. Qxc6 Bxf2+ 29. Kh1 Bxh4 30. Qxd5+ Kf8 31. Nf3 Bg3 32. Rf1 Kg7 33. Nd4
Re5 34. Qc6 Re4 35. Nxf5+ Kh8 36. Nxg3 1-0

[Event "Championnat de France - Open B"]
[Site "Nimes"]
[Date "2009.08.20"]
[Round "9.9"]
[White "Scamps, Guillaume"]
[Black "Nobili, Denis"]
[Result "0-1"]
[WhiteElo "1898"]
[BlackElo "1944"]
[PlyCount "48"]

1. d4 d5 2. Nf3 Nf6 3. g3 e6 4. Bg2 c5 5. c4 cxd4 6. Nxd4 e5 7. Nf3 d4 8. O-O
Nc6 9. e3 d3 10. e4 Bg4 11. h3 Be6 12. b3 Bc5 13. Bb2 Qd6 14. Nc3 O-O-O 15. Re1
Nh5 16. Kf1 Nb4 17. Nb5 Qb6 18. Nxe5 g6 19. Ng4 Rhe8 20. Na3 d2 21. Re2 Nd3 22.
Bf6 Nxg3+ 23. fxg3 Bxg4 24. Bxd8 Qxd8 0-1